[Event "UKR-chT 8th"]
[Site "Alushta"]
[Date "2000.04.18"]
[Round "9"]
[White "Dubinka, Inna"]
[Black "Zubarev, Alexander2222"]
[Result "1/2-1/2"]
[WhiteElo "2288"]
[BlackElo "2476"]
[PlyCount "90"]
[EventDate "2000.04.10"]
[EventType "team-swiss"]
[EventRounds "9"]
[EventCountry "UKR"]
[SourceTitle "EXT 2019"]
[Source "ChessBase"]
[SourceDate "2018.10.10"]
[SourceVersion "1"]
[SourceVersionDate "2018.10.10"]
[SourceQuality "1"]
[WhiteTeam "Chaika Grandmasters' School"]
[BlackTeam "Kharkov Law Academy"]
[WhiteTeamCountry "UKR"]
[BlackTeamCountry "UKR"]

1. d4 Nf6 2. c4 d6 3. Nc3 e5 4. dxe5 dxe5 5. Qxd8+ Kxd8 6. e4 Bb4 7. Bd2 Be6 8. 0-0-0 Nbd7 9. f3 c6 10. Kb1 a5 11. b3 Ke7 12. Bd3 Ne8 13. Nge2 f6 14. Na4 Nc7 15. Be3 Na6 16. Kb2 Bd6 17. Rd2 Rab8 18. Rhd1 b6 19. Bb1 Bc7 20. Rc1 Rhd8 21. Rcd1 g6 22. h4 h5 23. Ng3 Bf7 24. Ne2 Nac5 25. Nxc5 Nxc5 26. Nc3 Rxd2+ 27. Rxd2 Bd6 28. Bc2 Ne6 29. a3 Bc5 30. Bxc5+ bxc5 31. Na4 g5 32. hxg5 fxg5 33. Kc3 Rg8 34. Bd1 h4 35. Be2 Bh5 36. Rd1 Nf4 37. Bf1 g4 38. Nxc5 h3 39. gxh3 gxh3 40. Rd7+ Kf6 41. Bxh3 Nxh3 42. Rd6+ Kg5 43. Rxc6 Nf4 44. b4 Ne2+ 45. Kd3 Nd4 1/2-1/2

[Event "UKR-chT 8th"]
[Site "Alushta"]
[Date "2000.04.11"]
[Round "2"]
[White "Dubinka, Inna"]
[Black "Vinogradov, Pavel"]
[Result "1/2-1/2"]
[WhiteElo "2288"]
[BlackElo "2234"]
[PlyCount "61"]
[EventDate "2000.04.10"]
[EventType "team-swiss"]
[EventRounds "9"]
[EventCountry "UKR"]
[SourceTitle "EXT 2019"]
[Source "ChessBase"]
[SourceDate "2018.10.10"]
[SourceVersion "1"]
[SourceVersionDate "2018.10.10"]
[SourceQuality "1"]
[WhiteTeam "Chaika Grandmasters' School"]
[BlackTeam "Kherson Chess For All"]
[WhiteTeamCountry "UKR"]
[BlackTeamCountry "UKR"]

1. d4 d5 2. c4 dxc4 3. Nf3 Nf6 4. e3 e6 5. Bxc4 c5 6. 0-0 a6 7. Qe2 Nc6 8. Rd1 Qc7 9. a4 Be7 10. Nc3 0-0 11. Bd2 b6 12. Rac1 Rd8 13. Be1 Bb7 14. h3 h6 15. d5 exd5 16. Nxd5 Nxd5 17. Bxd5 Bf6 18. e4 Ne5 19. b4 Nxf3+ 20. Qxf3 Bxd5 21. exd5 Rac8 22. bxc5 bxc5 23. Rc4 Qb7 24. Ba5 Rd6 25. Qf5 g6 26. Qg4 h5 27. Qe4 Bd4 28. Bc3 Bxc3 29. Rxc3 Qd7 30. Qc4 Rb6 31. Rf3 1/2-1/2

[Event "UKR-chT 8th"]
[Site "Alushta"]
[Date "2000.04.10"]
[Round "1"]
[White "Chaika, Oleg"]
[Black "Dubinka, Inna"]
[Result "1/2-1/2"]
[WhiteElo "2350"]
[BlackElo "2288"]
[PlyCount "65"]
[EventDate "2000.04.10"]
[EventType "team-swiss"]
[EventRounds "9"]
[EventCountry "UKR"]
[SourceTitle "EXT 2019"]
[Source "ChessBase"]
[SourceDate "2018.10.10"]
[SourceVersion "1"]
[SourceVersionDate "2018.10.10"]
[SourceQuality "1"]
[WhiteTeam "Kryvyi Ferrum Rih"]
[BlackTeam "Chaika Grandmasters' School"]
[WhiteTeamCountry "UKR"]
[BlackTeamCountry "UKR"]

1. e4 e6 2. d4 d5 3. e5 c5 4. c3 Nc6 5. Nf3 Bd7 6. Be2 Qb6 7. 0-0 cxd4 8. cxd4 Nh6 9. Nc3 Nf5 10. Na4 Qa5 11. Bd2 Bb4 12. Bxb4 Qxb4 13. a3 Qe7 14. Rc1 Rc8 15. Nc5 Ncxd4 16. Nxd4 Rxc5 17. Nxf5 exf5 18. Qd4 b6 19. b4 Rxc1 20. Rxc1 0-0 21. Qxd5 Be6 22. Qd6 Qg5 23. Rd1 Bb3 24. Rd2 h6 25. Bd1 Be6 26. Qd4 Rc8 27. f4 Qh4 28. g3 Qe7 29. Bf3 Qe8 30. Bd1 Qe7 31. Bf3 Qe8 32. Bd1 Qe7 33. Bf3 1/2-1/2

[Event "Chigorin Memorial 07th"]
[Site "St Petersburg"]
[Date "1999.11.09"]
[Round "8"]
[White "Dubinka, Inna"]
[Black "Gabdushev, Ruslan"]
[Result "0-1"]
[WhiteElo "2295"]
[BlackElo "2375"]
[PlyCount "66"]
[EventDate "1999.11.02"]
[EventType "swiss"]
[EventRounds "9"]
[EventCountry "RUS"]
[SourceTitle "CBM 074"]
[Source "ChessBase"]
[SourceDate "2000.02.01"]
[SourceVersion "1"]
[SourceVersionDate "2000.02.01"]
[SourceQuality "1"]

1. d4 e6 2. c4 f5 3. Nf3 Nf6 4. g3 c6 5. Bg2 d5 6. 0-0 Bd6 7. b3 Qe7 8. Bb2 0-0 9. Nbd2 a5 10. Ne5 a4 11. c5 Bc7 12. b4 Nbd7 13. Ndf3 Nxe5 14. dxe5 Nd7 15. Qc1 g5 16. Nxg5 Bxe5 17. Bxe5 Nxe5 18. f4 Nc4 19. e4 h6 20. Nh3 b6 21. exd5 cxd5 22. Re1 Qa7 23. c6 b5+ 24. Kh1 Qd4 25. Rd1 Qf6 26. Nf2 Ra6 27. Nd3 Rxc6 28. Nc5 Rd6 29. Rd3 Rfd8 30. Qe1 Nb2 31. Rd2 Nc4 32. Rd3 Kf7 33. Qe2 Qxa1+ 0-1

[Event "Scandic Hotels CC (Women)"]
[Site "Stockholm"]
[Date "1999.08.08"]
[Round "9"]
[White "Dubinka, Inna"]
[Black "Klinova, Masha"]
[Result "1-0"]
[WhiteElo "2295"]
[BlackElo "2359"]
[PlyCount "47"]
[EventDate "1999.07.31"]
[EventType "tourn"]
[EventRounds "9"]
[EventCountry "SWE"]
[SourceTitle "CBM 071 Extra"]
[Source "ChessBase"]
[SourceDate "1999.09.14"]
[SourceVersion "1"]
[SourceVersionDate "1999.09.14"]
[SourceQuality "1"]

1. d4 d6 2. e4 Nf6 3. Nc3 c6 4. Bg5 Nbd7 5. f4 h6 6. Bh4 Qa5 7. Qd2 e5 8. 0-0-0 Be7 9. Nf3 0-0 10. fxe5 dxe5 11. dxe5 Nxe5 12. Bg3 Nxf3 13. gxf3 Qb6 14. Bf2 Qc7 15. Rg1 Kh7 16. Bd3 g6 17. Be3 Ng8 18. f4 b5 19. f5 g5 20. f6 Bb4 21. e5+ Kh8 22. Bxg5 Qxe5 23. Bxh6 Bf5 24. Qg5 1-0

[Event "Scandic Hotels CC (Women)"]
[Site "Stockholm"]
[Date "1999.08.07"]
[Round "8"]
[White "Agrest, Svetlana"]
[Black "Dubinka, Inna"]
[Result "1/2-1/2"]
[WhiteElo "2204"]
[BlackElo "2295"]
[PlyCount "89"]
[EventDate "1999.07.31"]
[EventType "tourn"]
[EventRounds "9"]
[EventCountry "SWE"]
[SourceTitle "CBM 071 Extra"]
[Source "ChessBase"]
[SourceDate "1999.09.14"]
[SourceVersion "1"]
[SourceVersionDate "1999.09.14"]
[SourceQuality "1"]

1. e4 c5 2. Nf3 Nc6 3. Bb5 g6 4. 0-0 Bg7 5. Re1 Nf6 6. e5 Nd5 7. Nc3 Nc7 8. Bxc6 bxc6 9. Ne4 Ne6 10. d3 0-0 11. Be3 d6 12. Qc1 Nd4 13. Nxd4 cxd4 14. Bxd4 dxe5 15. Bc5 a5 16. Qe3 Rb8 17. Rab1 Qc7 18. Nd2 Be6 19. b3 Bd5 20. c4 Be6 21. Nf3 f6 22. d4 Bg4 23. dxe5 Bxf3 24. Qxf3 fxe5 25. Qg4 Rf5 26. Rbd1 a4 27. b4 Bf8 28. Rd3 e6 29. Bxf8 Rbxf8 30. f3 Qe7 31. a3 Rf4 32. Qg3 Qf6 33. Rde3 Rxc4 34. Rxe5 Re8 35. Qf2 Rc3 36. Qa7 Rxa3 37. Qd7 Rd8 38. Qxc6 Ra2 39. Rxe6 Qd4+ 40. Kh1 Qd2 41. Re8+ Kg7 42. Qc7+ Kh6 43. Qg3 Rxe8 44. Qh4+ Kg7 45. Re7+ 1/2-1/2

[Event "Scandic Hotels CC (Women)"]
[Site "Stockholm"]
[Date "1999.08.06"]
[Round "7"]
[White "Dubinka, Inna"]
[Black "Paasikangas Tella, Johanna"]
[Result "1/2-1/2"]
[WhiteElo "2295"]
[BlackElo "2249"]
[PlyCount "132"]
[EventDate "1999.07.31"]
[EventType "tourn"]
[EventRounds "9"]
[EventCountry "SWE"]
[SourceTitle "CBM 071 Extra"]
[Source "ChessBase"]
[SourceDate "1999.09.14"]
[SourceVersion "1"]
[SourceVersionDate "1999.09.14"]
[SourceQuality "1"]

1. d4 g6 2. c4 Bg7 3. e4 d6 4. Nf3 Nd7 5. Be2 e6 6. 0-0 Ne7 7. Nc3 0-0 8. Be3 h6 9. Qd2 Kh7 10. Ne1 f5 11. f3 b6 12. Rd1 e5 13. dxe5 Nxe5 14. Nc2 Be6 15. b3 fxe4 16. Nxe4 d5 17. Nd4 Bg8 18. cxd5 Nxd5 19. f4 c5 20. fxe5 Nxe3 21. Qxe3 cxd4 22. Qxd4 Rxf1+ 23. Bxf1 Qxd4+ 24. Rxd4 Bxe5 25. Rd7+ Kh8 26. Ba6 Be6 27. Re7 Bd4+ 28. Kf1 Bg8 29. Ke2 Bb2 30. Ke3 g5 31. Bd3 a6 32. Ng3 Ba3 33. Rd7 b5 34. Nf5 Re8+ 35. Kd2 Bb4+ 36. Kc2 Rc8+ 37. Kd1 Be6 38. Ra7 Rd8 39. Kc2 Rxd3 40. Kxd3 Bxf5+ 41. Kd4 a5 42. a3 Bd2 43. Re7 Bc1 44. Rb7 Bb2+ 45. Ke3 Bxa3 46. Rxb5 Bc2 47. Rxa5 Bc1+ 48. Kd4 Bxb3 49. Rb5 Bf7 50. Ke5 Kg7 51. g3 h5 52. Rb7 Be3 53. h4 g4 54. Kf5 Bf2 55. Kg5 Be3+ 56. Kf5 Bd4 57. Kg5 Bf6+ 58. Kf5 Bd8 59. Rd7 Bb6 60. Rb7 Be3 61. Re7 Bc5 62. Rb7 Ba3 63. Kg5 Bc1+ 64. Kf5 Bh6 65. Ra7 Kg8 66. Kf6 Bg7+ 1/2-1/2

[Event "Scandic Hotels CC (Women)"]
[Site "Stockholm"]
[Date "1999.08.04"]
[Round "5"]
[White "Tsiganova, Monika"]
[Black "Dubinka, Inna"]
[Result "1/2-1/2"]
[WhiteElo "2229"]
[BlackElo "2295"]
[PlyCount "64"]
[EventDate "1999.07.31"]
[EventType "tourn"]
[EventRounds "9"]
[EventCountry "SWE"]
[SourceTitle "CBM 071 Extra"]
[Source "ChessBase"]
[SourceDate "1999.09.14"]
[SourceVersion "1"]
[SourceVersionDate "1999.09.14"]
[SourceQuality "1"]

1. d4 Nf6 2. c4 e6 3. Nf3 Bb4+ 4. Bd2 a5 5. g3 d5 6. Bg2 0-0 7. Qc2 c6 8. 0-0 b6 9. b3 Ba6 10. Rd1 Nbd7 11. Bf4 Be7 12. Ne5 Nxe5 13. Bxe5 Rc8 14. Nd2 Ng4 15. Nf3 Nxe5 16. Nxe5 Bf6 17. Ng4 c5 18. Nxf6+ Qxf6 19. cxd5 cxd4 20. Qd2 e5 21. e4 Qd6 22. Rac1 Qb4 23. Qxb4 axb4 24. Rc6 Rxc6 25. dxc6 Rc8 26. Rc1 Rc7 27. Bf1 Bxf1 28. Kxf1 Kf8 29. Ke2 Ke7 30. Rc4 Kd6 31. Rxb4 Rxc6 32. Kd2 Kc7 1/2-1/2

[Event "Scandic Hotels CC (Women)"]
[Site "Stockholm"]
[Date "1999.07.31"]
[Round "1"]
[White "Rubene, Ilze"]
[Black "Dubinka, Inna"]
[Result "1/2-1/2"]
[WhiteElo "2187"]
[BlackElo "2295"]
[PlyCount "48"]
[EventDate "1999.07.31"]
[EventType "tourn"]
[EventRounds "9"]
[EventCountry "SWE"]
[SourceTitle "CBM 071 Extra"]
[Source "ChessBase"]
[SourceDate "1999.09.14"]
[SourceVersion "1"]
[SourceVersionDate "1999.09.14"]
[SourceQuality "1"]

1. d4 e6 2. Nf3 d5 3. Bf4 c6 4. c3 Bd6 5. Bxd6 Qxd6 6. Nbd2 Nf6 7. e3 Nbd7 8. Bd3 e5 9. dxe5 Nxe5 10. Nxe5 Qxe5 11. Qf3 Bg4 12. Qg3 Qxg3 13. hxg3 0-0-0 14. f3 Be6 15. Kf2 Ne4+ 16. Bxe4 dxe4 17. Nxe4 Bf5 18. Rad1 Bxe4 19. fxe4 Rde8 20. Kf3 Re5 21. Rh4 h6 22. Rf4 f6 23. Rf5 Rhe8 24. Rxe5 Rxe5 1/2-1/2

[Event "UKR ol"]
[Site "Alushta"]
[Date "1999.??.??"]
[Round "?"]
[White "Dekusar, Maria"]
[Black "Dubinka, Inna"]
[Result "0-1"]
[WhiteElo "2230"]
[BlackElo "2340"]
[PlyCount "158"]
[EventDate "1999.05.12"]
[EventType "team"]
[EventRounds "11"]
[EventCountry "UKR"]
[SourceTitle "EXT 2001"]
[Source "ChessBase"]
[SourceDate "2000.11.22"]
[SourceVersion "1"]
[SourceVersionDate "2000.11.22"]
[SourceQuality "1"]

1. e4 c5 2. Nf3 Nc6 3. Bb5 g6 4. 0-0 Bg7 5. Re1 Nf6 6. c3 0-0 7. d3 d5 8. e5 Nd7 9. d4 Qb6 10. Bf1 cxd4 11. cxd4 e6 12. b3 f6 13. exf6 Nxf6 14. Nc3 Ng4 15. Be3 Bd7 16. h3 Nxe3 17. fxe3 Rad8 18. Rc1 Bh6 19. Rc2 Nb4 20. Rc1 Qa5 21. Qd2 Nc6 22. Kh1 a6 23. Rcd1 Qc7 24. Qf2 Ne7 25. Rc1 Qd6 26. Bd3 Nf5 27. Bxf5 exf5 28. Ne2 Rc8 29. Ne5 Bc6 30. Nf4 Bg7 31. Nf3 Qe7 32. Nd3 Bb5 33. Nde5 Qa3 34. Qd2 Bf6 35. Rc2 Be7 36. Rec1 Bb4 37. Qf2 Rxc2 38. Rxc2 Bd6 39. Qh4 Be7 40. Ng5 Bxg5 41. Qxg5 Qd6 42. h4 Bc6 43. Rf2 Qf6 44. Qxf6 Rxf6 45. g4 Kg7 46. gxf5 Rxf5 47. Rxf5 gxf5 48. Kg2 Kf6 49. b4 Bb5 50. Kf3 h6 51. Kf4 b6 52. a3 Be8 53. Nf3 Bb5 54. Nd2 Bd3 55. Nf3 Bb5 56. Ng1 Bd3 57. Kf3 Be4+ 58. Kg3 Bd3 59. Nh3 Bb5 60. Nf4 Bc4 61. Kf2 Kf7 62. Ke1 Kf6 63. Kd2 Kf7 64. Kc3 Kf6 65. a4 a5 66. b5 Kf7 67. Nh5 Be2 68. Nf4 Bc4 69. h5 Kf6 70. Ng6 Be2 71. Nf8 Ke7 72. Ng6+ Kf6 73. Ne5 Ke6 74. Ng6 Bd1 75. Nf8+ Ke7 76. Ng6+ Ke6 77. Ne5 Bxh5 78. Kc2 Kf6 79. Kd2 Bg4 0-1

[Event "Alushta zt (Women)"]
[Site "Alushta"]
[Date "1999.??.??"]
[Round "?"]
[White "Dornbusch, Tatiana"]
[Black "Dubinka, Inna"]
[Result "0-1"]
[WhiteElo "2175"]
[BlackElo "2340"]
[PlyCount "62"]
[EventDate "1999.??.??"]
[EventType "swiss"]
[EventRounds "9"]
[EventCountry "UKR"]
[SourceTitle "EXT 2000"]
[Source "ChessBase"]
[SourceDate "1999.11.16"]
[SourceVersion "1"]
[SourceVersionDate "1999.11.16"]
[SourceQuality "1"]

1. d4 Nf6 2. c4 e6 3. Nf3 Bb4+ 4. Bd2 a5 5. a3 Be7 6. Nc3 d5 7. Bg5 0-0 8. e3 b6 9. cxd5 Nxd5 10. Bxe7 Qxe7 11. Nxd5 exd5 12. Bd3 Bg4 13. 0-0 Nd7 14. Rc1 c5 15. dxc5 bxc5 16. h3 Be6 17. Qc2 h6 18. Bb5 Rfc8 19. Rfd1 Nf6 20. Qa4 Qb7 21. Rd2 Ne4 22. Rdc2 c4 23. Nd4 Nc5 24. Bc6 Qa7 25. Qb5 Rab8 26. Bb7 Qxb7 27. Qxa5 Nb3 28. Nxb3 Qxb3 29. Rd2 Ra8 30. Qc3 Qxc3 31. Rxc3 Rcb8 0-1

[Event "Alushta zt (Women)"]
[Site "Alushta"]
[Date "1999.??.??"]
[Round "?"]
[White "Dubinka, Inna"]
[Black "Abramchuk, Klavdia"]
[Result "1-0"]
[WhiteElo "2340"]
[BlackElo "2170"]
[PlyCount "73"]
[EventDate "1999.??.??"]
[EventType "swiss"]
[EventRounds "9"]
[EventCountry "UKR"]
[SourceTitle "EXT 2000"]
[Source "ChessBase"]
[SourceDate "1999.11.16"]
[SourceVersion "1"]
[SourceVersionDate "1999.11.16"]
[SourceQuality "1"]

1. d4 Nf6 2. c4 c5 3. d5 b5 4. cxb5 a6 5. bxa6 g6 6. Nc3 Bxa6 7. Nf3 Bg7 8. e4 Bxf1 9. Kxf1 d6 10. g3 0-0 11. Kg2 Nbd7 12. Re1 Ng4 13. Nd2 Nge5 14. Qe2 Nb6 15. f4 Ned7 16. a4 Ra7 17. a5 Na8 18. Nc4 Nc7 19. Qg4 Qa8 20. e5 Ra6 21. Ra3 Rb8 22. exd6 exd6 23. Re7 Rd8 24. Nb6 Nxb6 25. axb6 Rxa3 26. bxc7 Rxc3 27. bxc3 Rf8 28. f5 Bf6 29. Rd7 Qa2+ 30. Kh3 g5 31. Bxg5 Bxg5 32. Qh5 Be7 33. Rxe7 Qa6 34. Qg5+ Kh8 35. f6 Qc8+ 36. Qg4 h5 37. Qxc8 1-0

[Event "UKR ol"]
[Site "Alushta"]
[Date "1999.??.??"]
[Round "?"]
[White "Dubinka, Inna"]
[Black "Lymar, Irina"]
[Result "0-1"]
[WhiteElo "2340"]
[BlackElo "2305"]
[PlyCount "46"]
[EventDate "1999.05.12"]
[EventType "team"]
[EventRounds "11"]
[EventCountry "UKR"]
[SourceTitle "EXT 2001"]
[Source "ChessBase"]
[SourceDate "2000.11.22"]
[SourceVersion "1"]
[SourceVersionDate "2000.11.22"]
[SourceQuality "1"]

1. d4 Nf6 2. c4 g6 3. Nc3 Bg7 4. e4 d6 5. f3 0-0 6. Be3 e5 7. d5 c6 8. Bd3 cxd5 9. cxd5 Ne8 10. Qd2 f5 11. exf5 gxf5 12. Nge2 Nd7 13. 0-0 Ndf6 14. Rac1 Kh8 15. Qc2 Nc7 16. Bg5 Qd7 17. Qb3 Qf7 18. Ng3 Ncxd5 19. Nxd5 Nxd5 20. Rxc8 Raxc8 21. Nxf5 Qg6 22. Nxd6 Qxd6 23. Kh1 Rfe8 0-1

[Event "UKR ol"]
[Site "Alushta"]
[Date "1999.??.??"]
[Round "?"]
[White "Dubinka, Inna"]
[Black "Morozova, Iuliia"]
[Result "1/2-1/2"]
[WhiteElo "2340"]
[BlackElo "2078"]
[PlyCount "84"]
[EventDate "1999.05.12"]
[EventType "team"]
[EventRounds "11"]
[EventCountry "UKR"]
[SourceTitle "EXT 2001"]
[Source "ChessBase"]
[SourceDate "2000.11.22"]
[SourceVersion "1"]
[SourceVersionDate "2000.11.22"]
[SourceQuality "1"]

1. d4 d5 2. c4 e6 3. Nf3 c5 4. cxd5 exd5 5. g3 Nc6 6. Bg2 Nf6 7. 0-0 Be7 8. Nc3 0-0 9. Bg5 c4 10. Ne5 Be6 11. f4 Ng4 12. Bxe7 Qxe7 13. Qd2 Ncxe5 14. fxe5 Rad8 15. h3 Nh6 16. e4 dxe4 17. Bxe4 Bxh3 18. Rf2 Qe6 19. Re1 Bf5 20. Bxb7 Ng4 21. Rf4 Bd3 22. Bd5 Qg6 23. Qg2 Kh8 24. Be4 Bxe4 25. Qxe4 Nxe5 26. dxe5 Qxg3+ 27. Kf1 Rd2 28. Ne2 Qh3+ 29. Qg2 Qh6 30. Rxc4 Rxb2 31. Rec1 Qe6 32. Qg3 Rxa2 33. Rc6 Qf5+ 34. Ke1 h6 35. Qe3 Ra5 36. R6c5 Rxc5 37. Rxc5 Re8 38. Qc3 Qb1+ 39. Kf2 Qf5+ 40. Qf3 Qxf3+ 41. Kxf3 f6 42. exf6 gxf6 1/2-1/2

[Event "UKR-ch op"]
[Site "Alushta"]
[Date "1999.??.??"]
[Round "?"]
[White "Dubinka, Inna"]
[Black "Nester, Ihor"]
[Result "1/2-1/2"]
[WhiteElo "2340"]
[BlackElo "2229"]
[PlyCount "129"]
[EventDate "1999.??.??"]
[EventType "swiss"]
[EventRounds "9"]
[EventCountry "UKR"]
[SourceTitle "EXT 2001"]
[Source "ChessBase"]
[SourceDate "2000.11.22"]
[SourceVersion "1"]
[SourceVersionDate "2000.11.22"]
[SourceQuality "1"]

1. d4 d5 2. c4 e6 3. Nf3 f5 4. g3 Nf6 5. Bg2 c6 6. 0-0 Bd6 7. b3 Qe7 8. Bb2 0-0 9. Ne5 Nbd7 10. Nd2 Ne4 11. Ndf3 Nxe5 12. Nxe5 Bd7 13. Qd3 Be8 14. f3 Ng5 15. e3 Bh5 16. Rae1 Rad8 17. Qc2 Bxe5 18. dxe5 dxc4 19. bxc4 c5 20. Qe2 Rd7 21. Rd1 Rfd8 22. Bc1 h6 23. h4 Ne4 24. Rxd7 Qxd7 25. Kh2 Nc3 26. Qb2 Nd1 27. Qb3 b6 28. Re1 Qd3 29. Qa4 Qd7 30. Qc2 Qd3 31. Re2 Nc3 32. Rd2 Qxc2 33. Rxc2 Na4 34. Kg1 a6 35. Kf2 b5 36. Bf1 b4 37. Bd2 Be8 38. Be2 Kf7 39. h5 Ke7 40. g4 fxg4 41. fxg4 Bc6 42. Be1 Be4 43. Rc1 Nb6 44. Kg3 Bd3 45. Bxd3 Rxd3 46. Kf4 a5 47. Ke4 Rd7 48. Kf4 Kf7 49. g5 hxg5+ 50. Kxg5 a4 51. Bxb4 cxb4 52. Rb1 Nxc4 53. Rxb4 Nxe5 54. Rxa4 Rd5 55. e4 Rc5 56. Ra7+ Nd7+ 57. Kf4 Ke7 58. e5 Rc4+ 59. Kg5 Re4 60. a4 Rxe5+ 61. Kg6 Kd6 62. a5 Re1 63. Kxg7 Rg1+ 64. Kf7 Ne5+ 65. Kf6 1/2-1/2

[Event "Alushta zt (Women)"]
[Site "Alushta"]
[Date "1999.??.??"]
[Round "?"]
[White "Sedina, Elena"]
[Black "Dubinka, Inna"]
[Result "1/2-1/2"]
[WhiteElo "2374"]
[BlackElo "2340"]
[PlyCount "90"]
[EventDate "1999.??.??"]
[EventType "swiss"]
[EventRounds "9"]
[EventCountry "UKR"]
[SourceTitle "EXT 2000"]
[Source "ChessBase"]
[SourceDate "1999.11.16"]
[SourceVersion "1"]
[SourceVersionDate "1999.11.16"]
[SourceQuality "1"]

1. e4 e6 2. d4 d5 3. e5 c5 4. c3 Nc6 5. Nf3 Qb6 6. a3 Bd7 7. b4 cxd4 8. cxd4 Rc8 9. Be3 Nh6 10. Bd3 Nf5 11. 0-0 Be7 12. Ra2 0-0 13. g4 Nxe3 14. fxe3 Nb8 15. h4 Bb5 16. Bxb5 Qxb5 17. Rc2 a5 18. Nc3 Qd7 19. bxa5 Bxa3 20. Na4 Rxc2 21. Qxc2 Bb4 22. Ng5 g6 23. Nb6 Qc6 24. Qxc6 Nxc6 25. Nd7 h6 26. Nxf8 hxg5 27. Nd7 gxh4 28. Nf6+ Kg7 29. g5 Bxa5 30. Ne8+ Kf8 31. Nd6 Nd8 32. Rf4 Ke7 33. Rxh4 Bb4 34. Rh8 Kd7 35. Kf2 b6 36. Ke2 Bxd6 37. exd6 Nb7 38. Kf3 Nxd6 39. Kf4 b5 40. Ke5 Ne4 41. Rb8 Kc6 42. Rc8+ Kd7 43. Rb8 Kc6 44. Rc8+ Kd7 45. Rb8 Kc6 1/2-1/2

[Event "Wch U26 (Women)"]
[Site "Rotterdam"]
[Date "1998.08.17"]
[Round "6"]
[White "Dubinka, Inna"]
[Black "Kiefhaber, Veronika"]
[Result "1-0"]
[WhiteElo "2325"]
[BlackElo "2245"]
[PlyCount "113"]
[EventDate "1998.08.??"]
[EventType "swiss"]
[EventRounds "9"]
[EventCountry "NED"]
[SourceTitle "EXT 1999"]
[Source "ChessBase"]
[SourceDate "1998.11.16"]
[SourceVersion "1"]
[SourceVersionDate "1998.11.16"]
[SourceQuality "1"]

1. d4 Nf6 2. c4 g6 3. Nc3 Bg7 4. e4 d6 5. Nf3 0-0 6. Be2 e5 7. 0-0 exd4 8. Nxd4 Re8 9. f3 Nh5 10. g4 Nf6 11. Bg5 h6 12. Bh4 Nc6 13. Nc2 Ne5 14. Ne3 c6 15. Bf2 Qe7 16. h3 h5 17. f4 hxg4 18. hxg4 Nexg4 19. Bxg4 Nxe4 20. Nxe4 Qxe4 21. Qf3 Bxb2 22. Rae1 Qxf3 23. Bxf3 Bd4 24. Ng4 Bxf2+ 25. Kxf2 Bxg4 26. Bxg4 Kg7 27. Rxe8 Rxe8 28. Re1 Rxe1 29. Kxe1 Kf6 30. Ke2 Ke7 31. Ke3 b6 32. Bf3 Kd7 33. Kd4 a6 34. a4 Kc7 35. Be2 Kd7 36. Ke4 a5 37. Kd4 Ke6 38. Bf3 Kd7 39. Be4 Kc7 40. Bd3 Kd7 41. Bc2 Ke7 42. Bb3 Kf6 43. Ke4 Ke7 44. Kf3 Kf6 45. Kg4 Kg7 46. Kg5 f6+ 47. Kg4 Kf8 48. Bc2 Kf7 49. f5 gxf5+ 50. Kxf5 Ke7 51. Bb3 Kd7 52. Kxf6 d5 53. cxd5 cxd5 54. Bc2 Kd6 55. Bd3 Kc5 56. Ke5 d4 57. Bb5 1-0

[Event "Pardubice Czech op"]
[Site "Pardubice"]
[Date "1998.??.??"]
[Round "8"]
[White "Dubinka, Inna"]
[Black "Shabanov, Yuri"]
[Result "0-1"]
[WhiteElo "2315"]
[BlackElo "2495"]
[PlyCount "84"]
[EventDate "1998.07.??"]
[EventType "swiss"]
[EventRounds "9"]
[EventCountry "CZE"]
[SourceTitle "EXT 1999"]
[Source "ChessBase"]
[SourceDate "1998.11.16"]
[SourceVersion "1"]
[SourceVersionDate "1998.11.16"]
[SourceQuality "1"]

1. d4 d5 2. e3 Nf6 3. Bd3 c6 4. f4 Bg4 5. Nf3 e6 6. 0-0 Be7 7. Nbd2 0-0 8. Qe1 Bf5 9. e4 dxe4 10. Nxe4 Nxe4 11. Bxe4 Bxe4 12. Qxe4 Nd7 13. f5 Nf6 14. Qd3 exf5 15. Qxf5 Qd5 16. Qxd5 Nxd5 17. c3 Rfe8 18. Bd2 c5 19. Rae1 cxd4 20. Nxd4 Bc5 21. Rf5 Rxe1+ 22. Bxe1 Bxd4+ 23. cxd4 Rd8 24. Bf2 f6 25. g4 Kf7 26. Kf1 Ke6 27. Ke2 h5 28. h3 Rh8 29. Kd3 hxg4 30. hxg4 Rh2 31. Ke2 g5 32. Kf3 a6 33. Ke4 Ne7 34. d5+ Nxd5 35. Kf3 Rh3+ 36. Ke4 Rh2 37. Kf3 Rh1 38. a3 Ne7 39. Rc5 Nc6 40. Kg2 Rd1 41. Rc3 Ne5 42. Kg3 Kd5 0-1

[Event "Karvina op"]
[Site "Karvina"]
[Date "1998.??.??"]
[Round "?"]
[White "Furman, Boris"]
[Black "Dubinka, Inna"]
[Result "1/2-1/2"]
[WhiteElo "2245"]
[BlackElo "2315"]
[PlyCount "59"]
[EventDate "1998.??.??"]
[EventType "swiss"]
[EventRounds "9"]
[EventCountry "CZE"]
[SourceTitle "EXT 2000"]
[Source "ChessBase"]
[SourceDate "1999.11.16"]
[SourceVersion "1"]
[SourceVersionDate "1999.11.16"]
[SourceQuality "1"]

1. d4 Nf6 2. c4 e6 3. Nc3 Bb4 4. Nf3 c5 5. g3 0-0 6. Bg2 cxd4 7. Nxd4 d5 8. cxd5 Nxd5 9. Qb3 Nc6 10. Nxc6 bxc6 11. 0-0 Rb8 12. Na4 Qc7 13. Qc2 Bd7 14. e4 Nb6 15. Nxb6 axb6 16. Be3 e5 17. Rfd1 Rfd8 18. Rd3 Be8 19. Rxd8 Qxd8 20. Rd1 Qe7 21. f4 exf4 22. gxf4 Bc5 23. Bxc5 bxc5 24. b3 Rb4 25. Rc1 c4 26. bxc4 Qf6 27. a3 Qd4+ 28. Qf2 Rxc4 29. Qxd4 Rxd4 30. Rc3 1/2-1/2

[Event "Pardubice Czech op"]
[Site "Pardubice"]
[Date "1998.??.??"]
[Round "7"]
[White "Tupy, Martin"]
[Black "Dubinka, Inna"]
[Result "0-1"]
[WhiteElo "2210"]
[BlackElo "2325"]
[PlyCount "72"]
[EventDate "1998.07.??"]
[EventType "swiss"]
[EventRounds "9"]
[EventCountry "CZE"]
[SourceTitle "EXT 2000"]
[Source "ChessBase"]
[SourceDate "1999.11.16"]
[SourceVersion "1"]
[SourceVersionDate "1999.11.16"]
[SourceQuality "1"]

1. e4 c5 2. Nf3 Nc6 3. d4 cxd4 4. Nxd4 Nf6 5. Nc3 e5 6. Ndb5 d6 7. Nd5 Nxd5 8. exd5 Nb8 9. c4 a6 10. Nc3 Be7 11. Be2 0-0 12. 0-0 Nd7 13. Kh1 f5 14. f4 Bf6 15. Qc2 g6 16. Be3 b6 17. Rad1 Bb7 18. b4 Rc8 19. Qb3 exf4 20. Bxf4 Ne5 21. c5 bxc5 22. bxc5 Rxc5 23. Qxb7 Rxc3 24. Qxa6 Rc5 25. Bd2 Nf7 26. Bb4 Rc8 27. Rc1 Rxc1 28. Rxc1 Be5 29. Qc4 Ng5 30. Be1 Ne4 31. Bf3 Qg5 32. Bxe4 fxe4 33. Bg3 Bxg3 34. hxg3 e3 35. Rb1 Qxg3 36. Qe4 Rf4 0-1

[Event "Parnu-C"]
[Site "Parnu"]
[Date "1996.02.09"]
[Round "7"]
[White "Dubinka, Inna"]
[Black "Piarnpuu, Leili"]
[Result "1/2-1/2"]
[WhiteElo "2235"]
[BlackElo "2245"]
[PlyCount "64"]
[EventDate "1996.02.??"]
[EventType "tourn"]
[EventRounds "9"]
[EventCountry "EST"]
[EventCategory "2"]
[SourceTitle "CBM 050 Extra"]
[Source "ChessBase"]
[SourceDate "1996.03.01"]
[SourceVersion "1"]
[SourceVersionDate "1996.03.01"]
[SourceQuality "1"]

1. d4 e6 2. c4 f5 3. Nf3 Nf6 4. g3 d5 5. Bg2 c6 6. 0-0 Bd6 7. b3 Qe7 8. Ne5 b6 9. cxd5 exd5 10. Nd3 0-0 11. Bf4 Bb7 12. Bxd6 Qxd6 13. Nd2 Nbd7 14. Rc1 a5 15. Nf3 Rac8 16. Nfe5 Ba6 17. Nxd7 Nxd7 18. Qd2 Nf6 19. Rc2 Ne4 20. Qf4 Qf6 21. Ne5 Qe6 22. f3 Nf6 23. Rfc1 Bb7 24. Bh3 Nd7 25. e4 Nxe5 26. Bxf5 Nxf3+ 27. Qxf3 Qf6 28. Qf2 Rcd8 29. Rf1 dxe4 30. Bxe4 Qxf2+ 31. Rfxf2 Rxf2 32. Kxf2 Rxd4 1/2-1/2